[Event "Lisbon Belen op 3rd"]
[Site "Lisbon"]
[Date "2007.02.26"]
[Round "6"]
[White "Santos, Jose Alves"]
[Black "Teixeira, Rafael Goltsman"]
[Result "1/2-1/2"]
[WhiteElo "2225"]
[BlackElo "2213"]
[PlyCount "112"]
[EventDate "2007.02.15"]
[EventType "swiss"]
[EventRounds "7"]
[EventCountry "POR"]
[SourceTitle "EXT 2022"]
[Source "ChessBase"]
[SourceDate "2021.10.06"]
[SourceVersion "1"]
[SourceVersionDate "2021.10.06"]
[SourceQuality "1"]

1. e4 g6 2. d4 c5 3. Nf3 cxd4 4. Nxd4 Bg7 5. Be3 Nc6 6. Nc3 Nf6 7. f3 0-0 8. Qd2 d5 9. Nxc6 bxc6 10. exd5 Nxd5 11. Nxd5 cxd5 12. c3 e5 13. Bd3 d4 14. cxd4 exd4 15. Bf4 Re8+ 16. Kf2 Qb6 17. Rhe1 Ba6 18. b3 Bxd3 19. Qxd3 Qa5 20. Bd2 Rxe1 21. Bxe1 Qe5 22. Qe4 Qxe4 23. fxe4 Rc8 24. Rd1 Rc2+ 25. Rd2 d3 26. Kf1 Bc3 27. Rxd3 Bxe1 28. Kxe1 Rxa2 29. Kf1 Kg7 30. e5 Kf8 31. Rd7 h6 32. h4 Rb2 33. Rxa7 Rxb3 34. Ra5 Rb4 35. g3 Rb2 36. Ra6 Rb5 37. e6 f6 38. Ra7 Ke8 39. Rf7 Rf5+ 40. Kg2 g5 41. g4 Rf4 42. Kg3 Rf1 43. h5 Rf4 44. Rh7 Rf1 45. Rxh6 Ke7 46. Rh8 Kxe6 47. Ra8 Rg1+ 48. Kf3 Rf1+ 49. Kg2 Rf4 50. Kg3 f5 51. Ra6+ Kf7 52. gxf5 Rxf5 53. Kg4 Rf2 54. h6 Rg2+ 55. Kh5 Rh2+ 56. Kxg5 Rh1 1/2-1/2

[Event "Belenenses op 2nd"]
[Site "Lisbon"]
[Date "2007.01.10"]
[Round "6"]
[White "Teixeira, Rafael Goltsman"]
[Black "Pereira, Joaquim Costa"]
[Result "1/2-1/2"]
[WhiteElo "2118"]
[BlackElo "2054"]
[PlyCount "28"]
[EventDate "2006.12.28"]
[EventType "swiss"]
[EventRounds "7"]
[EventCountry "POR"]
[SourceTitle "EXT 2022"]
[Source "ChessBase"]
[SourceDate "2021.10.06"]
[SourceVersion "1"]
[SourceVersionDate "2021.10.06"]
[SourceQuality "1"]

1. e3 c5 2. Nf3 d6 3. c3 Nf6 4. Be2 Nc6 5. d4 e5 6. 0-0 Be7 7. d5 Nb8 8. Nbd2 0-0 9. b4 Nbd7 10. Ba3 b6 11. Bb5 a6 12. Bc6 Rb8 13. Rb1 Qc7 14. bxc5 Nxc5 1/2-1/2

[Event "Belenenses op 2nd"]
[Site "Lisbon"]
[Date "2007.01.03"]
[Round "4"]
[White "Teixeira, Rafael Goltsman"]
[Black "Blalock, Rex E"]
[Result "1/2-1/2"]
[WhiteElo "2118"]
[BlackElo "2207"]
[PlyCount "33"]
[EventDate "2006.12.28"]
[EventType "swiss"]
[EventRounds "7"]
[EventCountry "POR"]
[SourceTitle "EXT 2022"]
[Source "ChessBase"]
[SourceDate "2021.10.06"]
[SourceVersion "1"]
[SourceVersionDate "2021.10.06"]
[SourceQuality "1"]

1. e4 c5 2. Nf3 e6 3. d4 cxd4 4. Nxd4 Nf6 5. Nc3 Nc6 6. Be3 Bb4 7. f3 d5 8. Qd2 Bd7 9. 0-0-0 dxe4 10. Ndb5 a6 11. Nd6+ Bxd6 12. Qxd6 Qa5 13. Nxe4 0-0-0 14. Nxf6 gxf6 15. Bc4 Rhg8 16. g3 Qc7 17. Bf4 1/2-1/2